Statistics for Tour de France Jersey Winners

Click here to take the quiz!

General Stats

  • This quiz has been taken 122 times
    (54 since last reset)
  • The average score is 42 of 171

Answer Stats

Rider% Correct
Tadej Pogačar
90%
Christopher Froome
88%
Jonas Vingegaard
88%
Alberto Contador
83%
Geraint Thomas
81%
Bradley Wiggins
79%
Egan Bernal
79%
Vincenzo Nibali
79%
Mark Cavendish
74%
Bernard Hinault
71%
Peter Sagan
71%
Andy Schleck
69%
Cadel Evans
69%
Eddy Merckx
69%
Miguel Indurain
69%
Wout van Aert
69%
Jan Ullrich
67%
Carlos Sastre
64%
Jasper Philipsen
64%
Nairo Quintana
64%
Greg LeMond
62%
Laurent Fignon
60%
Bjarne Riis
57%
Marco Pantani
57%
Giulio Ciccone
55%
Jacques Anquetil
55%
Óscar Pereiro
55%
Romain Bardet
55%
Stephen Roche
55%
Erik Zabel
52%
Thibaut Pinot
52%
Fausto Coppi
48%
Richard Virenque
48%
Adam Yates
45%
Simon Yates
45%
Joop Zoetemelk
43%
Julian Alaphilippe
43%
Michael Matthews
43%
Pedro Delgado
43%
Sam Bennett
40%
Sean Kelly
40%
Warren Barguil
40%
Laurent Jalabert
38%
Luis Ocaña
38%
Bernard Thévenet
36%
Federico Bahamontes
36%
Gino Bartali
36%
Lucien Van Impe
36%
Rafał Majka
36%
Jan Janssen
33%
Felice Gimondi
31%
Robbie McEwen
31%
Thomas Voeckler
31%
Charly Gaul
29%
Louison Bobet
29%
Lucien Petit-Breton
29%
Maurice Garin
29%
Óscar Freire
26%
Philippe Thys
26%
Pierre Latour
26%
Raymond Martin
26%
Tom Boonen
26%
Claudio Chiappucci
24%
Samuel Sánchez
24%
Ferdi Kübler
21%
Gastone Nencini
21%
Lucien Aimar
21%
Pierre Rolland
21%
Roger Pingeon
21%
Thor Hushovd
21%
Alessandro Petacchi
19%
Djamolidine Abdoujaparov
19%
Freddy Maertens
19%
Hugo Koblet
19%
Ivan Basso
19%
Luis Herrera
19%
François Faber
17%
Henri Cornet
17%
Jean Robic
17%
Octave Lapize
17%
Ottavio Bottecchia
17%
Roger Walkowiak
17%
Romain Maes
17%
Sylvère Maes
17%
Tejay van Garderen
17%
Tony Rominger
17%
Enrique Martínez Heredia
14%
Firmin Lambot
14%
Gustave Garrigou
14%
Michael Rasmussen
14%
Nicolas Frantz
14%
Rik Van Looy
14%
Robert Millar
14%
André Darrigade
12%
Anthony Charteau
12%
Antonin Magne
12%
Baden Cooke
12%
Damiano Cunego
12%
Denis Menchov
12%
Eddy Planckaert
12%
Egoi Martínez
12%
Henri Pélissier
12%
Louis Trousselier
12%
Mariano Martinez
12%
René Pottier
12%
Steven Rooks
12%
Willy Planckaert
12%
André Leducq
10%
Aurelio González
10%
Eric Vanderaerden
10%
Fabio Parra
10%
Francesco Moser
10%
Georges Speicher
10%
Léon Scieur
10%
Lucien Buysse
10%
Maurice De Waele
10%
Mauricio Soler
10%
Odile Defraye
10%
Roger Lapébie
10%
Santiago Botero
10%
Andrew Hampsten
7%
Christophe Rinero
7%
Herman Van Springel
7%
Julio Jiménez
7%
Olaf Ludwig
7%
Phil Anderson
7%
Erik Breukink
5%
Félicien Vervaecke
5%
Francisco Mancebo
5%
Frank Hoste
5%
Gert-Jan Theunisse
5%
Jean Graczyk
5%
Jean-Paul van Poppel
5%
Jesús Loroño
5%
Óscar Sevilla
5%
Pierre Brambilla
5%
Rudi Altig
5%
Stan Ockers
5%
Vladimir Karpets
5%
Walter Godefroot
5%
Antonio Martín Velasco
2%
Benoît Salmon
2%
Bernard Vallet
2%
Dietrich Thurau
2%
Eddy Bouwmans
2%
Franco Bitossi
2%
Fritz Schaer
2%
Gilles Delion
2%
Imerio Massignan
2%
Jean Forestier
2%
Jean-René Bernaudeau
2%
Patrick Sercu
2%
Pedro Torres
2%
Peter Winnen
2%
Raphaël Géminiani
2%
Raúl Alcalá
2%
Rik Van Linden
2%
Rudy Pevenage
2%
Thierry Claveyrolat
2%
Vicente Trueba
2%
Álvaro Mejía
0%
Domingo Perurena
0%
Fabrice Philipot
0%
Giancarlo Bellini
0%
Giovanni Battaglin
0%
Henk Lubberding
0%
Jacques Esclassan
0%
Johan van der Velde
0%
Julián Berrendero
0%
René Vietto
0%
Yaroslav Popovych
0%

Score Distribution

Percentile by Number Answered

Percent of People with Each Score

Your Score History

You have not taken this quiz since the last reset